| 000 | 00962nam a22002417a 4500 | ||
|---|---|---|---|
| 005 | 20180803170216.0 | ||
| 008 | 160129b2013 ag ao |r|||| 00| 0 spa d | ||
| 020 | _a9789872203986 | ||
| 040 |
_aCO-BoIAVH _cCO-BoIAVH |
||
| 041 | 0 | _aspa | |
| 044 | _aag | ||
| 082 | 0 | 4 |
_a333.74 _bC35q |
| 100 | 1 | _aCastillo, Joaquín | |
| 245 | 1 | 0 |
_aQuemas controladas en pastizales : _buna herramienta para el manejo de pastizales con fines productivos y conservacionistas / _cpor Joaquín Castillo, Alejandro G. Di Giacomo y Gustavo D. Marino |
| 250 | _a1a. edición | ||
| 260 |
_aBuenos Aires (Argentina) : _bAves Argentinas - Asociación Ornitológica del Plata : _bFundación Vida Silvestre, _c2013. |
||
| 300 |
_a20 páginas : _bilustraciones, fotografías a color ; _c26 x 19 cm. |
||
| 650 | 6 | _aPastizales | |
| 650 | 6 | _aDesarrollo regional | |
| 650 | 6 | _aQuema controlada | |
| 700 | 1 | _aMarino, Gustavo D. | |
| 942 |
_2ddc _cFolleto |
||
| 999 |
_c18045 _d18045 |
||